Statistics and health care fraud how tto save billions

Kaydedildi:
Detaylı Bibliyografya
Yazar: EKIN, Tahir
Materyal Türü: Kitap
Dil:İngilizce
Baskı/Yayın Bilgisi: CRC Press 2019
Etiketler: Etiketle
Etiket eklenmemiş, İlk siz ekleyin!

MARC

LEADER 00000nam a22000007a 4500
008 230106b |||||||| |||| 00| 0 eng d
020 |a 9781135197428 
100 |a EKIN, Tahir 
245 |a Statistics and health care fraud  |b how tto save billions  |c Tahir Ekin  |e ASA-CRC series on statistical reasoning in science and society  |g xiii,141p;ill 
260 |b CRC Press  |c 2019  |h London  |i 699838  |i 699839  |l RA413.Ek3  |m Fraud-prevention and control  |m Administrative claims, Healthcare  |m Statistics as topic 
500 |a it includes references and index 
942 |a lcc  |c BK  |e Johnson  |f 6/1/23 
952 |0 0  |1 0  |2 lcc  |4 0  |6 RA0412 E K3  |7 0  |9 4086  |a HE  |b HOL  |c QZ  |d 2023-01-06  |l 0  |o RA412.Ek3  |p 2023-0019  |r 2023-01-06 00:00:00  |t 699838  |w 2023-01-06  |y BK 
952 |0 0  |1 0  |2 lcc  |4 0  |6 RA0412 E K3  |7 0  |9 4087  |a HOL  |b HOL  |c QZ  |d 2023-01-06  |l 0  |o RA412.Ek3  |p 2023-0020  |r 2023-01-06 00:00:00  |t 699839  |w 2023-01-06  |y BK 
999 |c 2051  |d 2051